000 00392cam a22001337a 4500
008 180718b2010 xxu||||| |||| 00| 0 eng d
020 _a9780199228225
082 _aT315 G313
100 _aGerber, David J.
245 _aGlobal competition : law, markets, and globalization
_cby David J. Gerber
260 _aUK
_bOxford
_c2010
300 _a394p.
650 _aAntitrust law (International law)
999 _c443882
_d443882